Detalles MARC
| 000 -CABECERA |
| campo de control de longitud fija |
01155nam a2200229 a 4500 |
| 001 - NÚMERO DE CONTROL |
| campo de control |
000028342 |
| 005 - FECHA Y HORA DE LA ÚLTIMA TRANSACCIÓN |
| campo de control |
20200930031545.0 |
| 008 - DATOS DE LONGITUD FIJA--INFORMACIÓN GENERAL |
| campo de control de longitud fija |
110303s2004 dr 000 0 spa d |
| 040 ## - FUENTE DE LA CATALOGACIÓN |
| Centro catalogador/agencia de origen |
DO-SdBNP |
| Lengua de catalogación |
spa |
| Centro/agencia transcriptor |
BNPHU |
| 041 0# - CÓDIGO DE LENGUA |
| Código de lengua del texto/banda sonora o título independiente |
spa |
| -- |
eng |
| Fuente del código |
fre |
| 082 ## - NÚMERO DE LA CLASIFICACIÓN DECIMAL DEWEY |
| Número de clasificación |
xxx |
| Número de documento/Ítem |
F356i |
| 049 ## - FONDOS LOCALES (OCLC) |
| Fondos de biblioteca |
BNPD |
| 111 2# - ENTRADA PRINCIPAL--NOMBRE DE CONGRESO/REUNIÓN |
| Nombre de congreso/reunión o jurisdicción como elemento de entrada |
Feria Internacional del Libro |
| Fecha del congreso/reunión |
(2004: 26-30 abril |
| Sede del congreso/Lugar de la reunión |
Santo Domingo |
| Número del congreso/reunión o número de parte o sección |
7a:) |
| 9 (RLIN) |
55319 |
| 245 10 - MENCIÓN DE TÍTULO |
| Título |
Programa : |
| Resto del título |
9na .Coferencias Internacional de escritores y críticos literario del Caribe = |
| -- |
9th International Cabean women writers and scholars= |
| -- |
9eme Congrès international d Ecrivaines et Critiques Llitérainres de la Caribe. |
| 246 10 - FORMA VARIANTE DE TÍTULO |
| Título propio/Titulo breve |
9na .Coferencias Internacional de escritores y críticos literario del Caribe |
| 246 10 - FORMA VARIANTE DE TÍTULO |
| Título propio/Titulo breve |
9th International Cabean women writers and scholars |
| 246 10 - FORMA VARIANTE DE TÍTULO |
| Título propio/Titulo breve |
9eme Congrès International d Ecrivaines et Critiques Llitérainres de la Caribe |
| 260 ## - PUBLICACIÓN, DISTRIBUCIÓN, ETC. |
| Lugar de publicación, distribución, etc. |
Santo Domingo : |
| Nombre del editor, distribuidor, etc. |
Secretaría de Estado de la Mujer, |
| Fecha de publicación, distribución, etc. |
2004. |
| Fabricante |
Editorial Norma |
| 300 ## - DESCRIPCIÓN FÍSICA |
| Extensión |
61 p. ; |
| Dimensiones |
23 cm. |
| 500 ## - NOTA GENERAL |
| Nota general |
País invitado Puerto Rico |
| 711 2# - PUNTO DE ACCESO ADICIONAL--NOMBRE DE REUNIÓN/CONGRESO |
| Nombre de congreso/reunión o jurisdicción como elemento de entrada |
The biennal conference of the ACWWS |
| Sede del congreso/Lugar de la reunión |
(Santo Domingo, Dominican Republic |
| Fecha del congreso/reunión |
2004: |
| Número del congreso/reunión o número de parte o sección |
26-30 abril) |
| 9 (RLIN) |
55320 |